| 000 | 00597nam a22001937a 4500 | ||
|---|---|---|---|
| 999 |
_c171770 _d171770 |
||
| 005 | 20200120151212.0 | ||
| 010 | _aA-842183 | ||
| 020 | _c51.00 | ||
| 035 | _aA-842183 | ||
| 037 | _bBPPD/Pub. | ||
| 082 | _a840.8 | ||
| 100 | _aمالک رام | ||
| 245 |
_aکچھ ابو ال کلام آزاد کے بارے میں / _cمالک رام |
||
| 246 |
_aKuch Abul Kalam Azad Ke Baare mein (Urdu) / _bby Malik Ram |
||
| 260 |
_aDelhi _bMaktaba Jamia _c1989 ء |
||
| 270 |
_aJamia Nagar _bNew Delhi _e110025 |
||
| 300 |
_a223p. _c20cm(Hb) |
||
| 942 |
_2ddc _cUR _h840.8 _mا ب و |
||